000 01111nam a22003497a 4500
001 BR9503223
003 BR-BrBNA
005 20230928094534.0
007 ta
008 230509b bl.||||| |||| 00| 0 por d
040 _aBR-BrBNA
_bpor
_cBiblioteca Nacional de Agricultura
041 _a(Por)
072 _aP01; P10; E50
090 _ P01 BR9503223
100 1 _aCarniel, T.
110 1 _aEscola Superior de Agricultura de Lavras, MG (Brasil)
_0Tese (Mestre em Solos e Nutricao de Plantas)
245 1 _aAtividade agricola e recursos naturais na regiao sob influencia do reservatorio da hidreletrica de Itutinga/Camargos (MG)
260 3 _aLavras, MG (Brasil):
_c1994.
300 _a90 p.
500 _a8 illus.; 17 tables; 75 ref.; Summaries (Eng, Por)
650 _aReservatorio de Agua
650 _aRecurso Natural
650 _aRecurso Hidrico
650 _aRecurso da Terra
650 _aEconomia Agricola
650 _aHidreletrica
650 _aMeio Ambiente
650 _aPlanejamento Rural
650 _aMinas Gerais
909 _a202309
_bLucia
_c55
_dLucia Elande
942 _cBK
999 _c51215
_d51215